[Event "Ct. Catalunya eq. DH"]
[Site "?"]
[Date "2011.02.05"]
[Round "2.10"]
[White "Shatko, D."]
[Black "Luna Cortes, L."]
[Result "1-0"]
[WhiteElo "2049"]
[BlackElo "2285"]
[PlyCount "79"]
[EventDate "2011.??.??"]
[EventType "team"]

1. d4 d6 2. c4 Nf6 3. Nc3 g6 4. e4 Bg7 5. f4 O-O 6. Nf3 c6 7. Bd3 Bg4 8. O-O
Nfd7 9. Be3 a6 10. h3 Bxf3 11. Qxf3 c5 12. d5 Qa5 13. Bd2 b5 14. e5 b4 15. Ne4
dxe5 16. f5 Nf6 17. d6 Ra7 18. dxe7 Rxe7 19. Nxf6+ Bxf6 20. Bh6 Nd7 21. Bxf8
Kxf8 22. fxg6 hxg6 23. Be4 Qb6 24. Rad1 Bg7 25. Rd3 Kg8 26. Rfd1 Nf8 27. Rd8 f5
28. R1d6 fxe4 29. Qxf8+ Bxf8 30. Rxb6 Kf7 31. Kf2 Bh6 32. Rdd6 Bc1 33. b3 e3+
34. Ke2 e4 35. Rf6+ Kg7 36. Rxg6+ Kh7 37. Rh6+ Kg7 38. Rbg6+ Kf8 39. Rh8+ Kf7
40. Rh7+ 1-0

[Event "Ct. Catalunya eq. DH"]
[Site "?"]
[Date "2011.02.05"]
[Round "2.10"]
[White "Yepes Martinez, E."]
[Black "Dickl, E."]
[Result "1/2-1/2"]
[WhiteElo "2260"]
[BlackElo "2231"]
[PlyCount "36"]
[EventDate "2011.??.??"]
[EventType "team"]

1. d4 Nf6 2. Bf4 b6 3. e3 Bb7 4. Nf3 d6 5. h3 Nbd7 6. Bd3 g6 7. O-O Bg7 8. Nbd2
O-O 9. c3 Re8 10. Bh2 e5 11. dxe5 Nxe5 12. Nxe5 dxe5 13. Bc4 b5 14. Be2 a6 15.
a4 Bc6 16. Nf3 Nd7 17. axb5 axb5 18. Qb3 Nc5 1/2-1/2

[Event "Ct. Catalunya eq. DH"]
[Site "?"]
[Date "2011.02.12"]
[Round "3.1"]
[White "Jerez Perez, A."]
[Black "Hernando Rodrigo, JA."]
[Result "1-0"]
[WhiteElo "2420"]
[BlackElo "2321"]
[PlyCount "105"]
[EventDate "2011.??.??"]
[EventType "team"]

1. e4 e6 2. d4 d5 3. Nc3 Bb4 4. e5 c5 5. Bd2 Ne7 6. Nb5 Bxd2+ 7. Qxd2 O-O 8. f4
cxd4 9. Nf3 Nbc6 10. Bd3 f6 11. O-O fxe5 12. fxe5 Nf5 13. Bxf5 Rxf5 14. Nbxd4
Nxd4 15. Nxd4 Rxf1+ 16. Rxf1 Qe7 17. Qc3 b6 18. Nc6 Qe8 19. Qa3 Ba6 20. Ne7+
Kh8 21. Rf4 Qb5 22. Nxd5 Rg8 23. Nc3 Qxe5 24. Re4 Qg5 25. Qxa6 Qc1+ 26. Qf1
Qxb2 27. Qe1 Qxc2 28. Rxe6 h6 29. h3 a5 30. a4 Qb3 31. Qe3 Rc8 32. Re8+ Rxe8
33. Qxe8+ Kh7 34. Qc6 Qb2 35. Qe4+ Kh8 36. Nd5 Qc1+ 37. Kh2 Qc6 38. Qd4 b5 39.
axb5 Qxb5 40. Nc3 Qb4 41. Qxb4 axb4 42. Na4 b3 43. Kg3 Kh7 44. Kf4 Kg6 45. Nb2
h5 46. Ke5 h4 47. Nd3 Kg5 48. Ke4 Kf6 49. Kf4 Ke7 50. Ke5 g5 51. Nb2 Kd7 52.
Nc4 Kc6 53. Na5+ 1-0

[Event "Ct. Catalunya eq. DH"]
[Site "?"]
[Date "2011.02.12"]
[Round "3.2"]
[White "Moreno Sanchis, A."]
[Black "Granados Gomez, M."]
[Result "1/2-1/2"]
[WhiteElo "2291"]
[BlackElo "2387"]
[PlyCount "31"]
[EventDate "2011.??.??"]
[EventType "team"]

1. g3 d5 2. Bg2 c6 3. d3 Bg4 4. Nf3 Nd7 5. O-O e5 6. Nc3 Ngf6 7. e4 dxe4 8.
Nxe4 Nxe4 9. dxe4 Be7 10. Qe2 O-O 11. Rd1 Qc7 12. h3 Bh5 13. Be3 Nc5 14. Bxc5
Bxf3 15. Bxf3 Bxc5 16. c3 1/2-1/2

[Event "Ct. Catalunya eq. DH"]
[Site "?"]
[Date "2011.02.12"]
[Round "3.3"]
[White "Torrecillas Martinez, A."]
[Black "Piñero Fernandez, X."]
[Result "1-0"]
[WhiteElo "2433"]
[BlackElo "2301"]
[PlyCount "75"]
[EventDate "2011.??.??"]
[EventType "team"]

1. Nf3 Nf6 2. c4 e6 3. g3 d5 4. Bg2 Be7 5. O-O O-O 6. d4 Nbd7 7. b3 c6 8. Bb2
a5 9. Nc3 b6 10. Nd2 Ba6 11. e4 b5 12. e5 Ne8 13. Re1 bxc4 14. bxc4 Rb8 15. Rb1
dxc4 16. Bxc6 Nb6 17. Qg4 Nc7 18. Nde4 Nbd5 19. Red1 Nb4 20. Ba4 Nd3 21. Ba1
Rxb1 22. Rxb1 Kh8 23. Nb5 Nxb5 24. Bxb5 Bxb5 25. Rxb5 Nb4 26. a4 Nc2 27. Bc3
Nxd4 28. Rxa5 Nc6 29. Rb5 Qd3 30. Rb7 Rb8 31. Rxb8+ Nxb8 32. a5 Na6 33. Nd6
Bxd6 34. exd6 Qxc3 35. d7 Qd3 36. Qf3 Qb1+ 37. Kg2 Qb8 38. Qxf7 1-0

[Event "Ct. Catalunya eq. DH"]
[Site "?"]
[Date "2011.02.12"]
[Round "3.4"]
[White "Blanco Acevedo, CJ."]
[Black "Sanchez Ibern, M."]
[Result "0-1"]
[WhiteElo "2394"]
[BlackElo "2298"]
[PlyCount "90"]
[EventDate "2011.??.??"]
[EventType "team"]

1. e4 c5 2. Nf3 Nc6 3. d4 cxd4 4. Nxd4 Nf6 5. Nc3 d6 6. Be2 e5 7. Nf3 h6 8. O-O
Be7 9. Re1 O-O 10. Bf1 Be6 11. Nd5 Bxd5 12. exd5 Nb8 13. c4 Nbd7 14. Nh4 Re8
15. Nf5 Bf8 16. a4 Kh7 17. Ra3 g6 18. Rh3 gxf5 19. Qf3 f4 20. Bd3+ Kg8 21. Bf5
Bg7 22. Kh1 Nh7 23. g3 Ng5 24. Qg2 Nxh3 25. Qxh3 Nf8 26. Rg1 Ng6 27. Qg4 Ne7
28. Bd7 Ng6 29. Bf5 Qg5 30. Qh3 Qf6 31. Qg4 Re7 32. h4 Rc7 33. b3 fxg3 34. fxg3
e4 35. h5 Ne5 36. Qxe4 Re8 37. Rf1 Kh8 38. Bh3 Qd8 39. Qc2 Rce7 40. Rf2 Qb6 41.
Kg2 Qd4 42. Rd2 Qe3 43. Qf5 Qe1 44. Qf1 Qxf1+ 45. Kxf1 Nxc4 0-1

[Event "Ct. Catalunya eq. DH"]
[Site "?"]
[Date "2011.02.12"]
[Round "3.6"]
[White "Gardela Batlle, J."]
[Black "De la Riva Aguado, J."]
[Result "1/2-1/2"]
[WhiteElo "2178"]
[BlackElo "2289"]
[PlyCount "24"]
[EventDate "2011.??.??"]
[EventType "team"]

1. c4 e5 2. g3 Nc6 3. Bg2 Bc5 4. Nc3 a6 5. e3 d6 6. Nge2 Nge7 7. a3 O-O 8. O-O
Bf5 9. d4 exd4 10. Nxd4 Bg6 11. Nd5 Nxd5 12. Nxc6 bxc6 1/2-1/2

[Event "Ct. Catalunya eq. DH"]
[Site "?"]
[Date "2011.02.12"]
[Round "3.7"]
[White "Llaneza Vega, P."]
[Black "Tebar Moreno, JC."]
[Result "1/2-1/2"]
[WhiteElo "2237"]
[BlackElo "2157"]
[PlyCount "123"]
[EventDate "2011.??.??"]
[EventType "team"]

1. e4 d5 2. exd5 Qxd5 3. Nc3 Qa5 4. Bc4 Nf6 5. d3 c6 6. Bd2 Qc7 7. Qe2 a5 8. d4
b5 9. Bd3 b4 10. Ne4 Nxe4 11. Qxe4 e6 12. Nf3 Nd7 13. O-O Ba6 14. Bxa6 Rxa6 15.
Rfe1 Nf6 16. Qd3 Ra7 17. Ne5 Bd6 18. Qh3 O-O 19. Nc4 Bf4 20. Bxf4 Qxf4 21. Ne5
Rc7 22. Rad1 Nd5 23. Qd3 Ra8 24. Qc4 c5 25. g3 Qf5 26. dxc5 Rac8 27. Nd3 Nf6
28. Qd4 h5 29. Re5 Qf3 30. Rde1 g6 31. h3 Nd5 32. R5e2 Qf5 33. Kg2 Qf6 34. Qxf6
Nxf6 35. Ra1 Nd7 36. a3 Nxc5 37. Nxc5 Rxc5 38. axb4 axb4 39. Ra4 Rc4 40. Re3
Rxc2 41. Rxb4 R8c7 42. h4 Kg7 43. Rb5 Rd7 44. Rc3 Re2 45. b3 Rb2 46. Rf3 Rb1
47. Rf4 Re7 48. b4 e5 49. Re4 f5 50. Rc4 e4 51. Rc6 Rd7 52. g4 f4 53. gxh5 f3+
54. Kg3 Rg1+ 55. Kf4 Re7 56. Rc3 gxh5 57. Rxh5 Rf1 58. Rg5+ Kf7 59. Re3 Rxf2
60. Rxe4 Rxe4+ 61. Kxe4 Rb2 62. Rf5+ 1/2-1/2

[Event "Ct. Catalunya eq. DH"]
[Site "?"]
[Date "2011.02.12"]
[Round "3.8"]
[White "Garzon Sanchez, JM."]
[Black "Yepes Martinez, E."]
[Result "0-1"]
[WhiteElo "2178"]
[BlackElo "2260"]
[PlyCount "98"]
[EventDate "2011.??.??"]
[EventType "team"]

1. d4 Nf6 2. c4 g6 3. Nf3 Bg7 4. Nc3 O-O 5. e4 d6 6. h3 Na6 7. Be3 e5 8. d5 Nh5
9. Nd2 Qe8 10. g3 f5 11. exf5 gxf5 12. Be2 Nf6 13. Nb3 f4 14. gxf4 exf4 15.
Bxf4 Ne4 16. Be3 Nxc3 17. bxc3 Bxc3+ 18. Bd2 Qe5 19. Bxc3 Qxc3+ 20. Qd2 Qxd2+
21. Kxd2 Rxf2 22. Rag1+ Kh8 23. Ke1 Rf7 24. Rg3 Bd7 25. Rhg1 Re8 26. R1g2 Nc5
27. Nxc5 dxc5 28. Kd2 Ref8 29. Ke3 Bf5 30. Bh5 Re7+ 31. Kd2 Bd7 32. Bf3 Ref7
33. Ke3 Re7+ 34. Kd2 a6 35. h4 Be8 36. h5 Ref7 37. Ke3 Rf5 38. d6 cxd6 39. Bxb7
Bxh5 40. Bd5 Bg6 41. Rh2 Re5+ 42. Kd2 Kg7 43. Rb3 Rf4 44. Rb6 Rd4+ 45. Kc3 Re3+
46. Kb2 Re1 47. Rxa6 Rb1+ 48. Ka3 Rd3+ 49. Ka4 Rb4+ 0-1

[Event "Ct. Catalunya eq. DH"]
[Site "?"]
[Date "2011.02.12"]
[Round "3.9"]
[White "Garrido Fernandez, D."]
[Black "Roig Grau, J."]
[Result "1/2-1/2"]
[WhiteElo "2237"]
[BlackElo "2161"]
[PlyCount "106"]
[EventDate "2011.??.??"]
[EventType "team"]

1. e4 c6 2. Nc3 d5 3. f4 dxe4 4. Nxe4 Nd7 5. Nf3 Ngf6 6. Nf2 e6 7. g3 b6 8. Bg2
Bb7 9. b3 Qc7 10. Bb2 Bd6 11. Qe2 O-O 12. O-O c5 13. c4 Rfe8 14. Nd3 Rad8 15.
Nde5 h6 16. Rae1 Bxe5 17. fxe5 Nh7 18. d3 Bxf3 19. Rxf3 Nb8 20. Ref1 Re7 21. h4
Nc6 22. Qe4 Nd4 23. R3f2 Nf5 24. Kh2 Nf8 25. Bh3 Nd4 26. Bc1 Nc6 27. Bb2 Nb4
28. Rf3 Nxa2 29. Kh1 Nb4 30. g4 Qb7 31. Qxb7 Rxb7 32. Rd1 Rbd7 33. Bf1 Nc6 34.
Re3 Nd4 35. Bxd4 Rxd4 36. Be2 Ng6 37. h5 Nf8 38. Rf1 Nh7 39. Kg2 a5 40. Kg3 Kf8
41. Ra1 Ng5 42. Rf1 Ke7 43. Ra1 Ra8 44. Bf1 Ra7 45. Bg2 Kd7 46. Ra2 Rc7 47. Rf2
Kc8 48. Ra2 Kb8 49. Rf2 Rcd7 50. Bf1 Kc7 51. Ra2 Kb8 52. Rf2 Ra7 53. Ra2 Kc7
1/2-1/2

[Event "Ct. Catalunya eq. DH"]
[Site "?"]
[Date "2011.02.12"]
[Round "3.10"]
[White "Godesard Forga, C."]
[Black "Lopez Santana, O."]
[Result "0-1"]
[WhiteElo "2075"]
[BlackElo "2171"]
[PlyCount "85"]
[EventDate "2011.??.??"]
[EventType "team"]

1. Nf3 Nf6 2. g3 b5 3. Bg2 Bb7 4. O-O e6 5. d4 Be7 6. Re1 O-O 7. Qd3 a6 8. e4
d5 9. e5 Ne4 10. Nfd2 Nxd2 11. Nxd2 Nd7 12. f4 c5 13. c3 cxd4 14. cxd4 Qc7 15.
f5 Rfc8 16. fxe6 fxe6 17. Bh3 Nf8 18. Rf1 Bc6 19. Qf3 Be8 20. Bg4 Qc2 21. h4 a5
22. Rf2 a4 23. Nf1 Qe4 24. Qxe4 dxe4 25. Rxf8+ Kxf8 26. Bxe6 Rd8 27. Be3 Bf7
28. Bf5 Bd5 29. Bxh7 a3 30. bxa3 Rxa3 31. Bf2 Rxa2 32. Rxa2 Bxa2 33. Bxe4 b4
34. Nd2 b3 35. d5 Bb4 36. Nc4 Rc8 37. Bd3 Bb1 38. Bxb1 Rxc4 39. Kg2 Bc5 40. Bd3
Rc3 41. Bxc5+ Rxc5 42. Be4 b2 43. e6 0-1

[Event "Ct. Catalunya eq. DH"]
[Site "?"]
[Date "2011.02.12"]
[Round "3.10"]
[White "Mingo Fernandez, M."]
[Black "Jausas Farre, H."]
[Result "1/2-1/2"]
[WhiteElo "2281"]
[BlackElo "2301"]
[PlyCount "66"]
[EventDate "2011.??.??"]
[EventType "team"]

1. d4 d5 2. Nf3 Nf6 3. Bf4 c5 4. c3 cxd4 5. cxd4 Qb6 6. Qb3 Qxb3 7. axb3 Nc6 8.
e3 e6 $1 9. Bb5 Bd7 10. O-O Nh5 11. Rc1 Nxf4 12. exf4 Bd6 13. Bxc6 Bxc6 14. Ne5
Bd7 15. g3 Ke7 16. Nc3 Rhd8 17. Nd3 a5 18. Ne5 Be8 19. Kg2 Ra6 20. Nd3 Bd7 21.
Kf3 Rb6 22. Rxa5 Rxb3 23. Ke3 Rc8 24. Rc2 Rc7 25. Kd2 Rc4 26. Ke3 Bb5 27. Nc1
Rbb4 28. b3 Rc6 29. Ra1 Kd7 30. Raa2 Ba6 31. Na4 Bb5 32. Nc3 Ba6 33. Na4 Bb5
1/2-1/2

[Event "Ct. Catalunya eq. DH"]
[Site "?"]
[Date "2011.02.19"]
[Round "4.1"]
[White "Hernando Rodrigo, JA."]
[Black "Narciso Dublan, M."]
[Result "0-1"]
[WhiteElo "2386"]
[BlackElo "2570"]
[PlyCount "106"]
[EventDate "2011.??.??"]
[EventType "team"]

1. d4 d6 2. c4 e5 3. dxe5 dxe5 4. Qxd8+ Kxd8 5. Nc3 Be6 6. f4 Bb4 7. fxe5 Bxc3+
8. bxc3 Bxc4 9. Nf3 Nc6 10. e4 Be6 11. Bb5 Nge7 12. Bg5 h6 13. Bxc6 bxc6 14.
Be3 a5 15. O-O Re8 16. Nd4 Bc4 17. Rf2 Rb8 18. Nb3 Rb5 19. Rd1+ Kc8 20. Rd4 Be6
21. Ra4 Ng6 22. Bd4 Bxb3 23. axb3 c5 24. c4 Rxb3 25. Bxc5 Nxe5 26. Rf1 f6 27.
Rxa5 Nxc4 28. Ra8+ Rb8 29. Ra4 Nb6 30. Rd4 Nd7 31. Rc1 Nxc5 32. Rxc5 Rb2 33.
Ra5 Re7 34. h4 Kb7 35. Kh2 c6 36. Kg3 Rb5 37. Ra3 c5 38. Rda4 Kc6 39. Kf3 Reb7
40. Kf4 Rb2 41. g3 R7b3 42. Ra6+ Kb5 43. R3a5+ Kb4 44. Ra4+ Kc3 45. Rc6 Rb5 46.
Ra7 g5+ 47. hxg5 hxg5+ 48. Kg4 Rf2 49. Rf7 Kd4 50. Rcxf6 Rxf6 51. Rxf6 c4 52.
Rf5 Rxf5 53. exf5 Ke5 0-1

[Event "Ct. Catalunya eq. DH"]
[Site "?"]
[Date "2011.02.19"]
[Round "4.1"]
[White "Jerez Perez, A."]
[Black "Magem Badals, J."]
[Result "1/2-1/2"]
[WhiteElo "2420"]
[BlackElo "2573"]
[PlyCount "58"]
[EventDate "2011.??.??"]
[EventType "team"]

1. e4 d6 2. Nc3 e5 3. f4 exf4 4. Bc4 Qh4+ 5. Kf1 Be6 6. Qe2 c6 7. d4 Bxc4 8.
Qxc4 Nd7 9. Nf3 Qf6 10. e5 dxe5 11. dxe5 Qg6 12. Bxf4 Nb6 13. Qe4 Ne7 14. Re1
Ned5 15. Qxg6 hxg6 16. Nxd5 Nxd5 17. Bd2 Be7 18. g3 O-O-O 19. Kg2 Nc7 20. Rhf1
Ne6 21. Be3 b6 22. a4 c5 23. Rd1 Rxd1 24. Rxd1 Rd8 25. Rf1 Rd7 26. h4 Bd8 27.
Bd2 Bc7 28. Bc3 Kd8 29. Kf2 Ke7 1/2-1/2

[Event "Ct. Catalunya eq. DH"]
[Site "?"]
[Date "2011.02.19"]
[Round "4.1"]
[White "Muñoz Pantoja, M."]
[Black "Peralta, F."]
[Result "1/2-1/2"]
[WhiteElo "2533"]
[BlackElo "2625"]
[PlyCount "48"]
[EventDate "2011.??.??"]
[EventType "team"]

1. e4 c6 2. Nc3 d5 3. Nf3 Bg4 4. Be2 Nf6 5. Ne5 Bxe2 6. Qxe2 dxe4 7. Nxe4 Qd5
8. Nxf6+ gxf6 9. Nf3 c5 10. b3 Nc6 11. Bb2 O-O-O 12. O-O-O e5 13. Kb1 Rg8 14.
Nh4 Nd4 15. Qh5 h6 16. Rde1 Kb8 17. c4 Qd7 18. Bc3 b5 19. cxb5 Nxb5 20. Rc1 Rg4
21. g3 Rd4 22. Nf5 Rxd2 23. Bxd2 Qxd2 24. Rhd1 Nc3+ 1/2-1/2

[Event "Ct. Catalunya eq. DH"]
[Site "?"]
[Date "2011.02.19"]
[Round "4.2"]
[White "Lafuente Pablo, A."]
[Black "Pablo Mari, A."]
[Result "1-0"]
[WhiteElo "2563"]
[BlackElo "2458"]
[PlyCount "72"]
[EventDate "2011.??.??"]
[EventType "team"]

1. d4 d5 2. Nf3 Nf6 3. c4 c6 4. Qc2 g6 5. Bf4 Bg7 6. e3 O-O 7. Nc3 Qa5 8. Nd2
Bf5 9. Qd1 Nbd7 10. Be2 Qb4 11. Qb3 Qxb3 12. axb3 Rfe8 13. O-O e5 14. Bg5 exd4
15. exd4 Nb6 16. Rfe1 a6 17. h3 Be6 18. Rad1 Rac8 19. Bf4 Nbd7 20. c5 h5 21.
Bd3 Nh7 22. Nf3 Bf6 23. Re2 Kg7 24. Ra1 Ra8 25. b4 Rac8 26. Nb1 Ra8 27. Nbd2
Ndf8 28. Nb3 Red8 29. Na5 Rd7 30. Ne5 Bxe5 31. Rxe5 Rc8 32. Re2 Kg8 33. f3 Kg7
34. g4 hxg4 35. hxg4 Nf6 36. Be5 N8h7 1-0

[Event "Ct. Catalunya eq. DH"]
[Site "?"]
[Date "2011.02.19"]
[Round "4.2"]
[White "Pozo Vera, S."]
[Black "Leon Hoyos, M."]
[Result "1/2-1/2"]
[WhiteElo "2509"]
[BlackElo "2547"]
[PlyCount "115"]
[EventDate "2011.??.??"]
[EventType "team"]

1. d4 Nf6 2. c4 g6 3. Nc3 Bg7 4. e4 d6 5. Bd3 O-O 6. Nge2 c5 7. d5 e6 8. h3
exd5 9. exd5 Nfd7 10. f4 Re8 11. O-O Na6 12. Bd2 Nc7 13. Ne4 Nb6 14. N2c3 f5
15. Ng5 Bd7 16. Qc2 Bd4+ 17. Kh1 Be3 18. Rae1 Bxd2 19. Rxe8+ Bxe8 20. Qxd2 Qf6
21. Re1 Bd7 22. Nd1 Re8 23. Rxe8+ Nxe8 24. Nf3 a6 25. Kg1 Na8 26. Nc3 Nac7 27.
a4 a5 28. Kf2 Na8 29. Qc2 Kf8 30. Qb3 b6 31. Qc2 Qg7 32. Qe2 Nac7 33. Qe3 Nf6
34. g3 Nce8 35. Ng5 Nc7 36. Nf3 Ng8 37. Kg2 Nh6 38. Ng5 Nf7 39. Nxf7 Kxf7 40.
Kf2 Na6 41. Ke2 Nb4 42. Kd2 Na2 43. Bc2 Nb4 44. Bd3 Na6 45. Be2 Nc7 46. Bd3 Ne8
47. Bc2 Nf6 48. Bd3 Qh8 49. Kc2 h5 50. Nb5 Ne8 51. h4 Bxb5 52. Qe6+ Kf8 53.
axb5 Qg7 54. Be2 a4 55. Bd3 Qh7 56. Be2 Qg7 57. Bd3 Qh7 58. Be2 1/2-1/2

[Event "Ct. Catalunya eq. DH"]
[Site "?"]
[Date "2011.02.19"]
[Round "4.3"]
[White "Piñero Fernandez, X."]
[Black "Lariño Nieto, D."]
[Result "0-1"]
[WhiteElo "2363"]
[BlackElo "2508"]
[PlyCount "66"]
[EventDate "2011.??.??"]
[EventType "team"]

1. d4 e6 2. c4 Nf6 3. Nc3 Bb4 4. e3 O-O 5. Nge2 Re8 6. a3 Bf8 7. d5 exd5 8.
cxd5 c5 9. g3 d6 10. Bg2 Bd7 11. O-O b5 12. b4 a5 13. Rb1 axb4 14. axb4 cxb4
15. Rxb4 Na6 16. Rb2 b4 17. Na2 Qa5 18. Qd4 Bb5 19. Re1 Rec8 20. Qd1 b3 21.
Rxb3 Nc5 22. Ra3 Qb6 23. Qd4 Rxa3 24. Bxa3 Qa6 25. Bxc5 Qxa2 26. Nc3 dxc5 27.
Qd1 Qb2 28. Nxb5 Qxb5 29. e4 c4 30. e5 c3 31. exf6 c2 32. Qc1 Qb4 33. Rf1 g6
0-1

[Event "Ct. Catalunya eq. DH"]
[Site "?"]
[Date "2011.02.19"]
[Round "4.3"]
[White "Pomes Marcet, J."]
[Black "Kogan, A."]
[Result "0-1"]
[WhiteElo "2422"]
[BlackElo "2564"]
[PlyCount "106"]
[EventDate "2011.??.??"]
[EventType "team"]

1. d4 Nf6 2. c4 e6 3. Nc3 Bb4 4. e3 O-O 5. Nge2 d5 6. a3 Be7 7. Ng3 c5 8. dxc5
dxc4 9. Qc2 b5 10. cxb6 Bb7 11. f3 Qxb6 12. Bxc4 Rc8 13. Be2 Nbd7 14. O-O Nd5
15. Kh1 Nxe3 16. Bxe3 Qxe3 17. Bd3 Nf6 18. Rfe1 Qf4 19. Qe2 Rab8 20. Ba6 h5 21.
Bxb7 Rxb7 22. Qa6 Qb8 23. Nd1 h4 24. Nf1 h3 25. g3 Nd7 26. b4 Bf6 27. Rb1 Rb5
28. Nf2 Rc2 29. Rec1 Rb6 30. Qxb6 Qxb6 31. Rxc2 Qb7 32. Rb3 Ne5 33. Nd2 Bg5 34.
Nde4 Bh6 35. Rc5 Qa6 36. Nxh3 Qf1+ 37. Ng1 Nd3 38. Rxd3 Qxd3 39. Rc3 Qd4 40.
Ne2 Qd1+ 41. Ng1 Qe1 42. Kg2 Be3 43. Nh3 Qe2+ 44. Nef2 e5 45. g4 g6 46. Rc6 Kg7
47. a4 f5 48. gxf5 gxf5 49. Re6 Bd4 50. b5 Qa2 51. Ra6 e4 52. fxe4 fxe4 53. Kg3
Qb3+ 0-1

[Event "Ct. Catalunya eq. DH"]
[Site "?"]
[Date "2011.02.19"]
[Round "4.4"]
[White "Alonso Rosell, A."]
[Black "Sanchez Ibern, M."]
[Result "1-0"]
[WhiteElo "2477"]
[BlackElo "2298"]
[PlyCount "111"]
[EventDate "2011.??.??"]
[EventType "team"]

1. d4 Nf6 2. c4 e5 3. dxe5 Ne4 4. a3 Nc6 5. Nf3 d6 6. Qc2 f5 7. exf6 Nxf6 8. g3
g6 9. Bg2 Bg7 10. O-O Bf5 11. Qb3 Qc8 12. Nc3 O-O 13. Nd5 Re8 14. Nxf6+ Bxf6
15. Be3 Kg7 16. Rfd1 Rb8 17. Rac1 Qe6 18. Bf1 Be4 19. Nd4 Qf7 20. f3 Nxd4 21.
Bxd4 Bxd4+ 22. Rxd4 Bc6 23. e4 Rf8 24. Bg2 Rbe8 25. Qc3 Kg8 26. b4 Re7 27. Qd2
b6 28. c5 dxc5 29. bxc5 Bb7 30. f4 Rfe8 31. e5 Bxg2 32. Kxg2 Qb3 33. Rd3 Qa4
34. Qa2+ Kg7 35. Qd5 Qb5 36. Rc2 Qb1 37. Rcd2 Qc1 38. Rd1 Qc2+ 39. R1d2 Qc1 40.
Qc6 bxc5 41. Qf6+ Kg8 42. Rd8 Qe1 43. Qxe7 Qxd2+ 44. Rxd2 Rxe7 45. Rc2 Re6 46.
Rxc5 Ra6 47. Rxc7 Rxa3 48. Kf2 a5 49. e6 Kf8 50. Rxh7 a4 51. h4 Rb3 52. Rf7+
Ke8 53. Ra7 a3 54. Kg2 Rb2+ 55. Kh3 a2 56. Kg4 1-0

[Event "Ct. Catalunya eq. DH"]
[Site "?"]
[Date "2011.02.19"]
[Round "4.4"]
[White "Baches Garcia, G."]
[Black "Grafl, F."]
[Result "1/2-1/2"]
[WhiteElo "2444"]
[BlackElo "2419"]
[PlyCount "31"]
[EventDate "2011.??.??"]
[EventType "team"]

1. e4 d5 2. exd5 Qxd5 3. Nf3 Bg4 4. Be2 Bxf3 5. Bxf3 Qe5+ 6. Qe2 Qxe2+ 7. Bxe2
e6 8. d3 Nf6 9. Nd2 Nc6 10. Ne4 Nxe4 11. dxe4 O-O-O 12. Be3 Bb4+ 13. c3 Ba5 14.
Rd1 Bb6 15. Bxb6 axb6 16. O-O 1/2-1/2

[Event "Ct. Catalunya eq. DH"]
[Site "?"]
[Date "2011.02.19"]
[Round "4.4"]
[White "Baron Isanta, JM."]
[Black "Canal Oliveras, J."]
[Result "1/2-1/2"]
[WhiteElo "2417"]
[BlackElo "2318"]
[PlyCount "122"]
[EventDate "2011.??.??"]
[EventType "team"]

1. c4 f5 2. Nf3 Nf6 3. g3 g6 4. b4 a5 5. b5 d6 6. d4 Bg7 7. Bb2 O-O 8. Bg2 Nbd7
9. Qb3 a4 10. Qc2 Qe8 11. O-O e5 12. dxe5 Nxe5 13. Nxe5 dxe5 14. Ba3 Rf7 15.
Nc3 e4 16. Nxa4 c6 17. Bb2 cxb5 18. Nb6 Ra6 19. Nxc8 Qxc8 20. c5 Rc6 21. Rac1
b6 22. Qb3 bxc5 23. Qxb5 c4 24. Bc3 Rc5 25. Qb2 Rb7 26. Qa1 Nd5 27. Bxg7 Rxg7
28. Qd4 Rgc7 29. f3 exf3 30. Bxf3 Qe6 31. e4 Ne7 32. Rfe1 Qd7 33. Qf6 R7c6 34.
Qc3 Rd6 35. Be2 Rd4 36. Red1 Nc6 37. exf5 gxf5 38. Rxd4 Nxd4 39. Bxc4+ Kf8 40.
Qe3 Qd6 41. Rc3 f4 42. gxf4 Qg6+ 43. Kf2 Qf6 44. Bf1 Rxc3 45. Qxc3 Qxf4+ 46.
Kg2 Qe4+ 47. Kg1 Nf3+ 48. Kf2 Ne5 49. Be2 Qf4+ 50. Kg2 h5 51. h3 h4 52. a4 Qe4+
53. Kf2 Qf4+ 54. Kg2 Qe4+ 55. Bf3 Qg6+ 56. Bg4 Qe4+ 57. Kf1 Qh1+ 58. Ke2 Qg2+
59. Kd1 Qg1+ 60. Kd2 Nxg4 61. Qh8+ Ke7 1/2-1/2

[Event "Ct. Catalunya eq. DH"]
[Site "?"]
[Date "2011.02.19"]
[Round "4.4"]
[White "Vidarte Morales, A."]
[Black "Minguez Rodriguez, R."]
[Result "1/2-1/2"]
[WhiteElo "2475"]
[BlackElo "2305"]
[PlyCount "103"]
[EventDate "2011.??.??"]
[EventType "team"]

1. d4 Nf6 2. c4 c5 3. d5 e6 4. Nc3 exd5 5. cxd5 d6 6. e4 g6 7. f3 Bg7 8. Bg5
O-O 9. Qd2 h6 10. Bxh6 Nxe4 11. Nxe4 Qh4+ 12. g3 Qxh6 13. Qxh6 Bxh6 14. Nxd6
Nd7 15. f4 Nf6 16. O-O-O Rd8 17. Nxc8 Raxc8 18. d6 Ne4 19. d7 Rc7 20. Re1 Rcxd7
21. Bb5 Nf2 22. Bxd7 Rxd7 23. Nf3 Nxh1 24. Rxh1 Bg7 25. Re1 Kf8 26. Kc2 Re7 27.
Rxe7 Kxe7 28. b3 b5 29. Kd3 f5 30. h3 Bf6 31. Ne1 Ke6 32. Nc2 a6 33. a4 Bb2 34.
axb5 axb5 35. Ne3 Bd4 36. Nc2 Bb2 37. Ne1 Kd5 38. Nf3 c4+ 39. bxc4+ bxc4+ 40.
Ke3 Bc1+ 41. Ke2 Ke4 42. Ng5+ Kd4 43. Ne6+ Kc3 44. g4 fxg4 45. hxg4 Kb2 46. Kf3
c3 47. Nc5 c2 48. Nd3+ Kb1 49. Ke4 Bd2 50. f5 gxf5+ 51. gxf5 Bg5 52. Ke5
1/2-1/2

[Event "Ct. Catalunya eq. DH"]
[Site "?"]
[Date "2011.02.19"]
[Round "4.5"]
[White "Alonso Moyano, J."]
[Black "Adel Lahchaichi, O."]
[Result "1-0"]
[WhiteElo "2428"]
[BlackElo "2370"]
[PlyCount "81"]
[EventDate "2011.??.??"]
[EventType "team"]

1. e4 Nf6 2. e5 Nd5 3. d4 d6 4. Nf3 Bg4 5. exd6 exd6 6. Be2 Be7 7. O-O O-O 8.
h3 Bf5 9. a3 Bf6 10. c4 Nb6 11. Nc3 h6 12. b3 c5 13. Be3 d5 14. cxd5 Nxd5 15.
Nxd5 Qxd5 16. dxc5 Qxd1 17. Raxd1 Bc2 18. Rd2 Bxb3 19. Rb1 Be6 20. Rxb7 Nc6 21.
Nd4 Bxd4 22. Bxd4 Rfd8 23. Be3 Rxd2 24. Bxd2 Bd5 25. Rc7 Rb8 26. Be3 Rb1+ 27.
Kh2 Rb3 28. Bf3 Bxf3 29. gxf3 Ne5 30. Rxa7 Nxf3+ 31. Kg3 Ne5 32. Kf4 Nc6 33.
Ra6 Ne7 34. Ke4 f5+ 35. Kd4 f4 36. Bxf4 Rxh3 37. Bd6 Nf5+ 38. Ke5 Rh5 39. c6
Kf7 40. Ra7+ Kg6 41. c7 1-0

[Event "Ct. Catalunya eq. DH"]
[Site "?"]
[Date "2011.02.19"]
[Round "4.5"]
[White "Simon Padros, E."]
[Black "Escandell Mari, JC."]
[Result "1/2-1/2"]
[WhiteElo "2299"]
[BlackElo "2361"]
[PlyCount "33"]
[EventDate "2011.??.??"]
[EventType "team"]

1. e4 d5 2. exd5 Qxd5 3. Nc3 Qd6 4. d4 Nf6 5. Nf3 c6 6. Be2 Bf5 7. Ne5 Nbd7 8.
Nc4 Qc7 9. Bg5 e6 10. Bh4 Nb6 11. Bg3 Qd8 12. Ne3 Bg6 13. O-O Be7 14. Bd3 O-O
15. Bxg6 hxg6 16. Qd3 c5 17. Ne2 1/2-1/2

[Event "Ct. Catalunya eq. DH"]
[Site "?"]
[Date "2011.02.19"]
[Round "4.6"]
[White "Garcia Cano, A."]
[Black "Gardela Batlle, J."]
[Result "1/2-1/2"]
[WhiteElo "2358"]
[BlackElo "2274"]
[PlyCount "129"]
[EventDate "2011.??.??"]
[EventType "team"]

1. e4 c5 2. Nf3 d6 3. d4 cxd4 4. Nxd4 Nf6 5. Nc3 e6 6. Be3 Be7 7. Bc4 O-O 8.
O-O Nxe4 9. Nxe4 d5 10. Bd3 dxe4 11. Bxe4 Nd7 12. c4 Nf6 13. Bf3 a6 14. Nb3 Qc7
15. Rc1 Rd8 16. Qe1 Bd7 17. Qa5 Qc8 18. Bb6 Rf8 19. Nd4 Be8 20. Rfd1 Nd7 21. b4
Nb8 22. a3 Nc6 23. Nxc6 Bxc6 24. Qh5 Qe8 25. Bd4 Rd8 26. Bb2 Bd6 27. Kh1 Bxf3
28. Qxf3 Qe7 29. Rd3 Bb8 30. Rcd1 Qc7 31. g3 Rxd3 32. Qxd3 Qc6+ 33. Kg1 Bc7 34.
c5 Bb8 35. Qd7 h6 36. Qd4 e5 37. Qd3 Bc7 38. Qe3 Re8 39. f3 Qe6 40. Qe4 Qc8 41.
Kg2 f5 42. Qd5+ Kh8 43. Qd7 Kh7 44. Qxc8 Rxc8 45. Rd7 Kg6 46. f4 exf4 47. gxf4
Bxf4 48. Rxg7+ Kh5 49. Rxb7 Rd8 50. Kf3 Bxh2 51. Rf7 Kg5 52. Bf6+ Kg6 53. Bxd8
Kxf7 54. a4 Ke6 55. Ke3 Kd5 56. Kd3 Bg3 57. Be7 Kc6 58. Kc4 h5 59. b5+ axb5+
60. axb5+ Kd7 61. Bf6 h4 62. c6+ Kc7 63. Kc5 Bd6+ 64. Kd5 Bg3 65. Bxh4 1/2-1/2